Empowering a sustainable future: (Record no. 121672)
[ view plain ]
| 000 -LEADER | |
|---|---|
| fixed length control field | 01718nmm a22002537a 4500 |
| 008 - FIXED-LENGTH DATA ELEMENTS--GENERAL INFORMATION | |
| fixed length control field | 230929e20230929xxk|||||o||d| 00| 0 eng d |
| 041 ## - LANGUAGE CODE | |
| Language code of text/sound track or separate title | eng |
| 110 ## - MAIN ENTRY--CORPORATE NAME | |
| Corporate author | Royal Institution of Chartered Surveyors |
| 245 ## - TITLE STATEMENT | |
| Title | Empowering a sustainable future: |
| Subtitle | From streets, to structures, to skyscrapers: Surveying our future priorities for the next government |
| Medium | [Electronic resource] |
| 260 ## - PUBLICATION INFORMATION | |
| Place of publication | London, |
| Publisher | Royal Institution of Chartered Surveyors, |
| Date | 29 September 2023 |
| 300 ## - PHYSICAL DESCRIPTION | |
| Physical description | 24p. |
| 490 ## - SERIES TITLE | |
| Series statement | RICS UK Manifesto |
| 520 ## - ABSTRACT | |
| Abstract | The Royal Institution of Chartered Surveyors (RICS) has launched its manifesto for the built environment in the lead-up to the next UK General Election. <br/>Key asks within the manifesto include:<br/><br/>Increase supply of rented homes to meet demand and slow rent rises<br/>Deliver a joined-up quality and sustainability strategy<br/>Review skills shortages to tackle targets<br/>Hit housing targets with a housing delivery strategy<br/>Action the recommendations from the recent RICS Decarbonising UK Real Estate that call for reform to how building performance and EPCs are presented.<br/>Develop the much-needed National Fire Strategy as called on by industry to raise competency, standards and mitigation. This must include the UN-endorsed International Fire Safety Standards (IFSS) Common Principles. |
| 650 ## - KEYWORDS | |
| Keywords | DECARBONISATION |
| 650 ## - KEYWORDS | |
| Keywords | FIRE SAFETY |
| 650 ## - KEYWORDS | |
| Keywords | HOUSING |
| 650 ## - KEYWORDS | |
| Keywords | POLICY |
| 650 ## - KEYWORDS | |
| Keywords | SUSTAINABILITY |
| 651 ## - SUBJECT ADDED ENTRY--GEOGRAPHIC NAME | |
| Geographic name | United Kingdom |
| 690 ## - BROAD SUBJECT | |
| 9 (RLIN) | 6307 |
| Broad subject | Built Environment |
| 710 ## - ADDED CORPORATE NAME | |
| Added corporate author | Royal Institution of Chartered Surveyors |
| 856 ## - ONLINE RESOURCE | |
| Uniform Resource Identifier | <a href="https://www.rics.org/content/dam/ricsglobal/documents/latest-news/RICS-Manifesto.pdf">https://www.rics.org/content/dam/ricsglobal/documents/latest-news/RICS-Manifesto.pdf</a> |
| Public note | Available free on RICS.org |
| 942 ## - ADDED ENTRY ELEMENTS (KOHA) | |
| Suppress in OPAC | Do not suppress in OPAC |
| Lost status | Damaged status | Not for loan | Current library | Shelving location | Date acquired | Total Checkouts | Full call number | Date last seen | Price effective from | Koha item type |
|---|---|---|---|---|---|---|---|---|---|---|
| Virtual | Online | 29/09/2023 | ONLINE PUBLICATION | 29/09/2023 | 29/09/2023 | Online material |